| 000 | 00464nam a22001577a 4500 | ||
|---|---|---|---|
| 005 | 20250223180237.0 | ||
| 008 | 250223b |||||||| |||| 00| 0 eng d | ||
| 020 | _a9780323027533 | ||
| 050 |
_aRL74 _b.S57 |
||
| 245 |
_aSkin Disease Diagnosis and Treatment/ _cThomas P. Habif...et al., |
||
| 250 | _a2nd ed. | ||
| 260 |
_aPhiladelphia _bElsevier/ Mosby _c2005 |
||
| 300 |
_aix. 662p. _bill. color _c23.5cm |
||
| 700 | _aHabif, Thomas P. | ||
| 942 |
_2lcc _cBK _e2nd ed. _n0 |
||
| 999 |
_c4225 _d4225 |
||